| 000 | 00770nam a2200229Ia 4500 | ||
|---|---|---|---|
| 003 | GCL | ||
| 008 | 140319s9999 xx 000 0 ara d | ||
| 020 | _a8030376977 | ||
| 040 |
_aGCL / _cGCL |
||
| 082 | 0 | 4 |
_a216.4 _bز م |
| 100 | 1 | _aزينب عبدالعزيز | |
| 245 | 1 | 0 |
_aموقف الغرب من الاسلام : _bمحاصرة وابادة / _cزينب عبدالعزيز |
| 250 | _aالاولى | ||
| 260 |
_aسوريا : _bدار الكتاب العربى ، _c2004 |
||
| 300 |
_a271ص ؛ _c27سم |
||
| 490 |
_aطبيعة الغرب وحضارته _v3 |
||
| 650 | 0 | 4 | _aالسيرة النبوية |
| 650 | 0 | 4 | _aالاسلام - دفع مطاعن |
| 650 | 0 | 4 | _aالاسلام والغرب |
| 650 | 0 | 4 | _aالاسلام - تحريف |
| 942 |
_2ddc _cBK |
||
| 999 |
_c44663 _d44663 |
||